Statistics for Wolverhampton Wanderers Premier League XIs

Click here to take the quiz!

General Stats

  • This quiz has been taken 108 times
    (61 since last reset)
  • The average score is 49 of 99

Answer Stats

PositionAnswer% Correct
GKJosé Sá
98%
GKJosé Sá
98%
MFRúben Neves
98%
MFRúben Neves
98%
MFRúben Neves
98%
MFRúben Neves
98%
MFRúben Neves
98%
STRaúl Jiménez
93%
STRaúl Jiménez
93%
STRaúl Jiménez
93%
MFJoão Moutinho
91%
MFJoão Moutinho
91%
MFJoão Moutinho
91%
MFJoão Moutinho
91%
MFJoão Moutinho
91%
GKRui Patrício
91%
GKRui Patrício
91%
GKRui Patrício
91%
DFConor Coady
89%
DFConor Coady
89%
DFConor Coady
89%
DFConor Coady
89%
MFAdama Traoré
78%
MFAdama Traoré
78%
DFMatt Doherty
78%
DFMatt Doherty
78%
STDiogo Jota
76%
STDiogo Jota
76%
DFNélson Semedo
76%
DFNélson Semedo
76%
DFNélson Semedo
76%
DFJonny Otto
71%
DFJonny Otto
71%
DFJonny Otto
71%
STPedro Neto
71%
DFWilly Boly
71%
DFWilly Boly
71%
STDaniel Podence
64%
STDaniel Podence
64%
DFMax Kilman
62%
DFMax Kilman
62%
STHee-chan Hwang
60%
DFRayan Aït-Nouri
58%
MFLeander Dendoncker
53%
MFLeander Dendoncker
53%
MFLeander Dendoncker
53%
MFLeander Dendoncker
53%
MFMatheus Nunes
53%
STDiego Costa
51%
DFRomain Saïss
51%
DFRomain Saïss
51%
DFRomain Saïss
51%
DFNathan Collins
47%
STKevin Doyle
40%
STKevin Doyle
40%
STKevin Doyle
40%
MFMatthew Jarvis
36%
STMatthew Jarvis
36%
MFMatthew Jarvis
36%
GKWayne Hennessey
36%
GKWayne Hennessey
36%
DFRoger Johnson
33%
DFHugo Bueno
29%
MFPaul Ince
27%
MFAlex Rae
20%
STSteven Fletcher
20%
STSteven Fletcher
20%
DFDenis Irwin
18%
DFGeorge Elokobi
16%
DFGeorge Elokobi
16%
DFJody Craddock
16%
DFJody Craddock
16%
DFRyan Bennett
16%
MFStephen Ward
16%
MFStephen Ward
16%
MFStephen Ward
16%
MFKarl Henry
13%
MFKarl Henry
13%
MFKarl Henry
13%
GKMarcus Hahnemann
13%
MFMark Kennedy
13%
MFDavid Edwards
11%
DFKevin Foley
11%
DFKevin Foley
11%
DFChristophe Berra
9%
DFChristophe Berra
9%
DFChristophe Berra
9%
MFColin Cameron
9%
STHenri Camara
9%
MFJamie O'Hara
9%
GKMichael Oakes
9%
MFNenad Milijaš
9%
DFPaul Butler
9%
DFRichard Stearman
9%
DFRichard Stearman
9%
DFLee Naylor
4%
MFShaun Newton
4%
DFMichael Mancienne
2%
DFRonald Zubar
2%

Score Distribution

Percentile by Number Answered

Percent of People with Each Score

Your Score History

You have not taken this quiz since the last reset